| 000 | 00633nam a2200193Ia 4500 | ||
|---|---|---|---|
| 003 | GCL | ||
| 008 | 140319s9999 xx 000 0 ara d | ||
| 040 |
_aGCL / _cGCL |
||
| 082 | 0 | 4 |
_a843 _bج ا |
| 100 | 1 | _aمحمود قاسم | |
| 245 | 1 | 0 |
_aاللااخلاقى=L'IMMORALISTE / _cمحمود قاسم |
| 700 | 1 | _aجيد، اندريه | |
| 260 |
_aالقاهرة : _bالدار المصرية اللبنانية ، _c1994 |
||
| 300 |
_a159 ص ؛ _c21 سم |
||
| 490 |
_aروايات جائزة نوبل _v1 |
||
| 650 | 0 | 4 | _aالادب الفرنسى |
| 650 | 0 | 4 | _aالقصص الفرنسية المترجمة |
| 942 |
_2ddc _cBK |
||
| 999 |
_c38567 _d38567 |
||